| 000 | 00415cam a22001457a 4500 | ||
|---|---|---|---|
| 008 | 180718b1970 xxu||||| |||| 00| 0 eng d | ||
| 082 | _aB3x5403 D334 | ||
| 100 | _aDay, U.N. | ||
| 245 |
_aMughal government: A.D. 1556 - 1707 _cby U.N. Day |
||
| 260 |
_aDelhi _bMunshiram Monoharlal _c1970 |
||
| 300 | _a249p. | ||
| 500 | _aRs.25.00 | ||
| 650 | _aMogul Empire. | ||
| 650 | _aIndia --Politics and government --997-1765 | ||
| 999 |
_c363880 _d363880 |
||